| 000 | 01148nam a22002657a 4500 | ||
|---|---|---|---|
| 005 | 20170124103155.0 | ||
| 010 | _aB-067925 | ||
| 020 |
_c300.00 _a817965026 |
||
| 035 | _aB-067925 | ||
| 037 | _bCen Lib/Ret | ||
| 040 |
_aDPL _bHN |
||
| 082 |
_a070.9 _bपन्तए |
||
| 100 |
_aपन्त, एन सी _973 |
||
| 245 |
_aपत्रकारिता का इतिहास / _cएन सी पन्त |
||
| 246 |
_aPatrkarita ka itihas / _bby N.C. Pant |
||
| 260 |
_aनयी दिल्ली _bतक्षशिला प्रकाशन _c2002 |
||
| 270 |
_bनयी दिल्ली _a23/4761, अनसारी रोड, दरियागंज _e110002 |
||
| 300 |
_axii,273पृ. _c20सेमी(सजिल्द) |
||
| 500 | _aसन्दर्भ सूची शामिल | ||
| 650 |
_aहिंदी पत्रकारिता _91191 |
||
| 650 |
_aहिंदी पत्रकारिता--इतिहास _945095 |
||
| 650 |
_aHindi journalism _943511 |
||
| 650 |
_aHindi journalism - History _989431 |
||
| 942 |
_2ddc _cHN _h070.9 _mपन्तए |
||
| 999 |
_c120270 _d120270 |
||